00965nam a2200193 i 4500001000700000003000900007005001700016008004100033100005200074245018800126250005400314260006500368300004400433594008700477651003100564852003400595999001900629952012300648151407ES-MaACL20250730063133.0950418s1890 sp b |||| | spa d1 aMonreal y Ascaso, Bernardo, d1824-1894916939210aCurso de historia de España b: para uso de la Facultad de Filosofía y Letras, Institutos, Seminario, Escuelas normales y Escuelas especiales... / cpor Bernardo Monreal y Ascaso. a5ª ed. bnotablemente corr. y aum. por su autor. aMadrid : b[s.n.], c1890 (fImp. y Fundición de M. Tello) a533 p., [1] h. de map. pleg. ; c20 cm. aEn port.: Obra aprobada para texto por el Real Consejo de Instrucción Pública. 4aEspaña-xHistoria.98209 aES-MaACLjB-582 z- Enc. hol. c151407d151407 001040708LIBXIXaATENEOMbATENEOMcSPBd2008-01-17eSSCl0oB-582p1157972r2023-02-23 00:00:00w2023-02-23yMONANT